书目信息 |
| 题名: |
概率论与数理统计
|
|
| 作者: | 岳晓宁 主编 | |
| 分册: | ||
| 出版信息: | 沈阳 东北大学出版社 2004.08 |
|
| 页数: | 151页 | |
| 开本: | 28cm | |
| 丛书名: | 新世纪高职高专基础课系列教材 | |
| 单 册: | ||
| 中图分类: | O21 | |
| 科图分类: | ||
| 主题词: | 概率论--gai lu lun--高等教育--教材 , 数理统计--shu li tong ji--高等教育--教材 | |
| 电子资源: | ||
| ISBN: | 7-81102-022-X | |
| 000 | 01076nam 2200265 450 | |
| 001 | 0959472115 | |
| 005 | 20090616163207.51 | |
| 010 | @a7-81102-022-X@dCNY15.00 | |
| 100 | @a20070226d2004 km y0chiy0120 ea | |
| 101 | 0 | @achi |
| 102 | @aCN@b210000 | |
| 105 | @aa z 000yy | |
| 200 | 1 | @a概率论与数理统计@Agai lu lun yu shu li tong ji@d= Probability and Mathematical Statistics@f岳晓宁等主编@Fyue xiao ning deng zhu bian@zeng |
| 210 | @a沈阳@c东北大学出版社@d2004.08 | |
| 215 | @a151页@c图@d28cm | |
| 225 | 2 | @a新世纪高职高专基础课系列教材@Axin shi ji gao zhi gao zhuan ji chu ke xi lie jiao cai |
| 330 | @a全书共9章,讲述了随机事件与概率、一维随机变量及其分布、二维随机变量及其分布、随机变量的数字特征、大数定律与中心极限理论等内容。 | |
| 410 | 0 | @12001 @a新世纪高职高专基础课系列教材 |
| 510 | 1 | @aProbability and Mathematical Statistics@zeng |
| 606 | 0 | @a概率论@Agai lu lun@x高等教育@j教材 |
| 606 | 0 | @a数理统计@Ashu li tong ji@x高等教育@j教材 |
| 690 | @aO21@v4 | |
| 701 | 0 | @a岳晓宁@Ayue xiao ning@4主编 |
| 801 | 0 | @aCN@c20090616 |
| 905 | @a10447@dO21@eY953 | |
| 概率论与数理统计= Probability and Mathematical Statistics/岳晓宁等主编.-沈阳:东北大学出版社,2004.08 |
| 151页:图;28cm.-(新世纪高职高专基础课系列教材) |
| ISBN 7-81102-022-X:CNY15.00 |
| 全书共9章,讲述了随机事件与概率、一维随机变量及其分布、二维随机变量及其分布、随机变量的数字特征、大数定律与中心极限理论等内容。 |
| ● |
| 相关链接 |
|
|
|
正题名:概率论与数理统计
索取号:O21/Y953
 
预约/预借
| 序号 | 登录号 | 条形码 | 馆藏地/架位号 | 状态 | 备注 |
| 1 | 469040 | 204690405 | 自科库401/401自科库 47排1列1层/ [索取号:O21/Y953] | 在馆 |